[Event "Sonderjysk EMT C"]
[Site "Sonderborg"]
[Date "2012.03.20"]
[Round "7"]
[White "Toft, Bjarne Christian"]
[Black "Jessen, Morten"]
[Result "0-1"]
[WhiteElo "1002"]
[BlackElo "1277"]
[PlyCount "39"]
[EventDate "2012.01.17"]
[EventType "tourn"]
[EventRounds "7"]
[EventCountry "DEN"]
[SourceTitle "EXT 2023"]
[Source "ChessBase"]
[SourceDate "2022.10.05"]
[SourceVersion "1"]
[SourceVersionDate "2022.10.05"]
[SourceQuality "1"]

1. e4 c5 2. c4 d6 3. Nf3 Nf6 4. d3 g6 5. Bd2 Bg7 6. h3 0-0 7. Be2 Nc6 8. 0-0 Bd7 9. a3 a5 10. Nc3 Qc8 11. Ng5 Nd4 12. Bf3 h6 13. Nxf7 Rxf7 14. Re1 Bxh3 15. gxh3 Qxh3 16. Bg2 Qh4 17. Re3 Nh5 18. Be1 Raf8 19. f3 Qg5 20. Ra2 0-1